| 000 | 00519nam a2200181Ia 4500 | ||
|---|---|---|---|
| 003 | GCL | ||
| 008 | 140319s9999 xx 000 0 eng d | ||
| 040 |
_aGCL / _cGCL |
||
| 082 | 0 | 4 |
_a005.4 _bT M |
| 100 | 1 | _aTHOMPSON , SIMON | |
| 245 | 1 | 0 |
_aMIRANDA : THE CRAFT OF PUNCTIONAL PROGRAMMING / _cTHOMPSON , SIMON |
| 260 |
_a[S.N] : _bADDISON - WESLEY PUBLISHING COMPANY ، _c1995 |
||
| 300 | _a451 P | ||
| 650 | 0 | 4 | _aPROGRAMMING |
| 650 | 0 | 4 | _aFUNCTIONAL PROGRAMMING |
| 650 | 0 | 4 | _aCOMPUTER - PROGRAMMING |
| 942 |
_2ddc _cBK |
||
| 999 |
_c10357 _d10357 |
||